| 000 | 00923nam a22002897a 4500 | ||
|---|---|---|---|
| 001 | BR7305077 | ||
| 003 | BR-BrBNA | ||
| 005 | 20230928084100.0 | ||
| 007 | ta | ||
| 008 | 230509b bl.||||| |||| 00| 0 por d | ||
| 040 |
_aBR-BrBNA _bpor _cBiblioteca Nacional de Agricultura |
||
| 041 | _a(Por) | ||
| 072 |
_aL74; L70 _b5213 |
||
| 090 | _ 5213 BR7305077 | ||
| 100 | 1 | _aLazzeri, L. | |
| 110 | 1 |
_aUniversidade Federal de Minas Gerais, Belo Horizonte (Brasil). Escola de Veterinaria _0Tese (Mestrado) |
|
| 245 | 1 | _aDa acrobustite no zebu, nova tecnica cirurgica de seu tratamento [Disturbio animal; Aparelho reprodutor] | |
| 260 | 3 |
_aBelo Horizonte, MG (Brasil): _c1969. |
|
| 300 | _a69 p. | ||
| 500 | _a13 illus.; 7 tables; 23 ref.; Summary (Por) | ||
| 650 | _aGado zebu | ||
| 650 | _aAcrobustite | ||
| 650 | _aAparelho reprodutor | ||
| 650 | _aCirurgia | ||
| 909 |
_a202309 _bLucia _c55 _dLucia Elande |
||
| 942 | _cBK | ||
| 999 |
_c16763 _d16763 |
||